00743nam a22001937a 45000050016000000100015000160200025000310350013000560370013000690820011000822450053000932600077001462700099002233000024003227000027003469420025003739990017003989520134004152010082105405.0 aENG-101254 a9788174509017c55.00 aEN-84787 bDBAD/PUB a372.41 aReading for meaning /cedited by sonika Kaushik  aNew Delhi bNational Council of Educational Research and Training c2008 aNational Council of Educational Research and Training Shri Aurobindo Marg bNew Delhi e110016 avi, 128pc21cm(pbk) aKaushik Sonika 915912 2ddccENh372.41mREA c42871d42871 001040718NFICaDBADbDBADd2010-08-21eDBAD/PUBg55.00l0o372.41 REApEN-84787r2010-08-21 00:00:00t1v55.00w2010-08-21yEN